|
|
|
|
| LEADER |
01441nam a22003734a 4500 |
| 001 |
EBC200436 |
| 003 |
MiAaPQ |
| 005 |
20200520144314.0 |
| 006 |
m o d | |
| 007 |
cr cn||||||||| |
| 008 |
030225s2004 enka sb 001 0 eng |
| 010 |
|
|
|z 2003004602
|
| 020 |
|
|
|z 0415319293 (hbk)
|
| 020 |
|
|
|z 0415319307 (pbk.)
|
| 035 |
|
|
|a (MiAaPQ)EBC200436
|
| 035 |
|
|
|a (Au-PeEL)EBL200436
|
| 035 |
|
|
|a (CaPaEBR)ebr10099988
|
| 035 |
|
|
|a (CaONFJC)MIL3666
|
| 035 |
|
|
|a (OCoLC)304072287
|
| 040 |
|
|
|a MiAaPQ
|c MiAaPQ
|d MiAaPQ
|
| 050 |
|
4 |
|a HF1359
|b .D73 2004
|
| 082 |
0 |
4 |
|a 337
|2 21
|
| 100 |
1 |
|
|a Drainville, Andre C.,
|d 1963-
|
| 245 |
1 |
0 |
|a Contesting globalization
|h [electronic resource] :
|b space and place in the world economy /
|c Andre C. Drainville ; with a foreword by Saskia Sassen.
|
| 260 |
|
|
|a London ;
|a New York :
|b Routledge,
|c 2004.
|
| 300 |
|
|
|a xix, 207 p. :
|b ill.
|
| 490 |
1 |
|
|a RIPE Series in global political economy
|
| 504 |
|
|
|a Includes bibliographical references (p. [164]-202) and index.
|
| 533 |
|
|
|a Electronic reproduction. Ann Arbor, MI : ProQuest, 2015. Available via World Wide Web. Access may be limited to ProQuest affiliated libraries.
|
| 650 |
|
0 |
|a Globalization
|x Social aspects.
|
| 655 |
|
4 |
|a Electronic books.
|
| 710 |
2 |
|
|a ProQuest (Firm)
|
| 830 |
|
0 |
|a RIPE series in global political economy.
|
| 856 |
4 |
0 |
|u https://ebookcentral.proquest.com/lib/matrademy/detail.action?docID=200436
|z Click to View
|